Михаил Александрович Шолохов : (Record no. 505506)
[ view plain ]
| 000 -LEADER | |
|---|---|
| fixed length control field | 01209nam a2200229 a 4500 |
| 001 - CONTROL NUMBER | |
| control field | 001005587 |
| 003 - CONTROL NUMBER IDENTIFIER | |
| control field | AM-YeHGA |
| 005 - DATE AND TIME OF LATEST TRANSACTION | |
| control field | 20250617163354.0 |
| 008 - FIXED-LENGTH DATA ELEMENTS--GENERAL INFORMATION | |
| fixed length control field | 140306s1950 ru r 000 0 rus d |
| 040 ## - CATALOGING SOURCE | |
| Original cataloging agency | AM-YeHGA |
| 041 0# - LANGUAGE CODE | |
| Language code of text/sound track or separate title | rus |
| 090 ## - LOCALLY ASSIGNED LC-TYPE CALL NUMBER (OCLC); LOCAL CALL NUMBER (RLIN) | |
| -- | 508926 |
| 100 1# - MAIN ENTRY--PERSONAL NAME | |
| Personal name | Гура, В.В. |
| 245 10 - TITLE STATEMENT | |
| Title | Михаил Александрович Шолохов : |
| Remainder of title | Био-библиографический справочник / |
| Statement of responsibility, etc. | В.В. Гура; Мин-во высш. образ. СССР; Саратовский гос. ун-т им. Н.Г. Чернышевского; Научное студенческое о-во. |
| 260 ## - PUBLICATION, DISTRIBUTION, ETC. | |
| Place of publication, distribution, etc. | Саратов : |
| Name of publisher, distributor, etc. | Изд. СГУ, |
| Date of publication, distribution, etc. | 1950. |
| 300 ## - PHYSICAL DESCRIPTION | |
| Extent | 78 с. : |
| Other physical details | 1 вкл. л. порт. ; |
| Dimensions | 20 см. |
| 600 14 - SUBJECT ADDED ENTRY--PERSONAL NAME | |
| Personal name | Шолохов, Михаил Александрович |
| Dates associated with a name | 1905-1984 |
| 650 14 - SUBJECT ADDED ENTRY--TOPICAL TERM | |
| Topical term or geographic name entry element | Библиографии произведений отдельных авторов |
| 710 2# - ADDED ENTRY--CORPORATE NAME | |
| Corporate name or jurisdiction name as entry element | Министерство высшего образования СССР |
| 710 2# - ADDED ENTRY--CORPORATE NAME | |
| Corporate name or jurisdiction name as entry element | Саратовский государственный университет им. Н.Г. Чернышевского |
| 710 2# - ADDED ENTRY--CORPORATE NAME | |
| Corporate name or jurisdiction name as entry element | Научное студенческое общество |
| Withdrawn status | Lost status | Damaged status | Not for loan | Collection | Home library | Current library | Date acquired | Total checkouts | Full call number | Barcode | Date last seen | Price effective from | Koha item type | Public note |
|---|---|---|---|---|---|---|---|---|---|---|---|---|---|---|
| General | Fundamental Scientific Library | Fundamental Scientific Library | 29/01/2020 | РД II/66441 | FL0615746 | 29/01/2020 | 29/01/2020 | Գրքեր / Books | 30 Days Loan | |||||
| General | Fundamental Scientific Library | Fundamental Scientific Library | 30/01/2020 | РД II/66489 | FL0615794 | 30/01/2020 | 30/01/2020 | Գրքեր / Books | 30 Days Loan |
ՀՀ Գիտությունների ազգային ակադեմիայի հիմնարար գիտական գրադարան = Fundamental Scientific Library of NAS RA
All site content, except where otherwise noted, is licensed under a